<?xml version="1.0" encoding="UTF-8"?>
<record
    xmlns:xsi="http://www.w3.org/2001/XMLSchema-instance"
    xsi:schemaLocation="http://www.loc.gov/MARC21/slim http://www.loc.gov/standards/marcxml/schema/MARC21slim.xsd"
    xmlns="http://www.loc.gov/MARC21/slim">

  <leader>01774nam a22001577a 4500</leader>
  <datafield tag="999" ind1=" " ind2=" ">
    <subfield code="c">517568</subfield>
    <subfield code="d">517568</subfield>
  </datafield>
  <controlfield tag="008">210720b           ||||| |||| 00| 0 eng d</controlfield>
  <datafield tag="100" ind1=" " ind2=" ">
    <subfield code="a">Pandey, Jitesh and Pandey, Ritesh</subfield>
    <subfield code="9">26798</subfield>
  </datafield>
  <datafield tag="245" ind1=" " ind2=" ">
    <subfield code="a">Human resource management practices for organizational effectiveness: A study of it companies of Punjab, Chandigarh and Haryana</subfield>
  </datafield>
  <datafield tag="260" ind1=" " ind2=" ">
    <subfield code="a">Bihar Journal of Public Administration  </subfield>
  </datafield>
  <datafield tag="300" ind1=" " ind2=" ">
    <subfield code="a">17(2), Jul-Dec, 2020: p.576-588</subfield>
  </datafield>
  <datafield tag="520" ind1=" " ind2=" ">
    <subfield code="a">The Indian IT sector has also built a strong reputation for its high standards of software development ability, service quality and information security in the foreign market- which has been acknowledged globally and has helped enhance buyer confidence. The role of HR in the present scenario has undergone a sea change and its focus is on evolving such functional strategies which enable successful implementation of the major corporate strategies. Today, HR works towards facilitating and improving the performance of the employees by building a conducive work environment and providing maximum opportunities to the employees for participating in organizational planning and decision making process. This study strives to underline the roles of Human Resource Management practices for Organizational Effectiveness and specifically addresses questions like how Human Resource Management practices manage organizational effectiveness of the IT Companies. Human Resource Management (HRM) practices have been taken as independent variable to check their&#x2019; impact upon Organizational Effectiveness. &#x2013; Reproduced </subfield>
  </datafield>
  <datafield tag="650" ind1=" " ind2=" ">
    <subfield code="a">IT sector, HRM practices, Organizational effectiveness, Employees, Punjab &amp; Haryana</subfield>
    <subfield code="9">25464</subfield>
  </datafield>
  <datafield tag="773" ind1=" " ind2=" ">
    <subfield code="a">Bihar Journal of Public Administration </subfield>
  </datafield>
  <datafield tag="906" ind1=" " ind2=" ">
    <subfield code="a">INFORMATION TECHNOLOGY - INDIA</subfield>
  </datafield>
  <datafield tag="942" ind1=" " ind2=" ">
    <subfield code="c">AR</subfield>
  </datafield>
</record>
